000 00620nam a2200193Ia 4500
999 _c52859
_d52859
001 55521
003 PK-LaUMT
005 20220805145716.0
008 140506s9999 xx 000 0 und d
020 _aNA
040 _cPK-LaUMT
082 _aP 304.6021P
_bPOP-P
110 _aPopulation Census Organization, Govt of Pakistan
245 _aPopulation and housing; census of Pakistan 1998
_bcensus bulletin-4
_cPopulation Census Organization, Govt of Pakistan
260 _aIslamabad,Pakistan:
_bPopulation Census Organization, Govt. of Pakistan,
_c1998
300 _a15 p.
546 _aEN
942 _cWEEDED OUT
_2ddc